000 00525nam a22001817a 4500
003 OSt
008 240523b2009 |||||||| |||| 00| 0 eng d
020 _a9788131730782
082 _a158.2
_bLEI-C
100 _aLeigh, Andrew
245 _aThe charisma effect :
_bhow to make a powerful and lasting impression /
_cAndrew Leigh/
260 _aChennai :
_bPearson,
_c2009.
300 _axxii, 231 p. ;
650 _aSelf-presentation.
650 _aSelf-perception.
650 _aInterpersonal relations.
942 _2ddc
_cBK
_01
999 _c20607
_d20607